<?xml version="1.0" encoding="UTF-8"?><?xml-stylesheet type="text/xsl" href="static/style.xsl"?><OAI-PMH xmlns="http://www.openarchives.org/OAI/2.0/" xmlns:xsi="http://www.w3.org/2001/XMLSchema-instance" xsi:schemaLocation="http://www.openarchives.org/OAI/2.0/ http://www.openarchives.org/OAI/2.0/OAI-PMH.xsd"><responseDate>2026-04-18T07:57:37Z</responseDate><request verb="GetRecord" identifier="oai:www.recercat.cat:10459.1/465125" metadataPrefix="marc">https://recercat.cat/oai/request</request><GetRecord><record><header><identifier>oai:recercat.cat:10459.1/465125</identifier><datestamp>2025-09-15T19:01:17Z</datestamp><setSpec>com_2072_3622</setSpec><setSpec>col_2072_479130</setSpec></header><metadata><record xmlns="http://www.loc.gov/MARC21/slim" xmlns:dcterms="http://purl.org/dc/terms/" xmlns:xsi="http://www.w3.org/2001/XMLSchema-instance" xmlns:doc="http://www.lyncode.com/xoai" xsi:schemaLocation="http://www.loc.gov/MARC21/slim http://www.loc.gov/standards/marcxml/schema/MARC21slim.xsd">
   <leader>00925njm 22002777a 4500</leader>
   <datafield ind2=" " ind1=" " tag="042">
      <subfield code="a">dc</subfield>
   </datafield>
   <datafield ind2=" " ind1=" " tag="720">
      <subfield code="a">Jiménez de Santiago, Diana Elisa</subfield>
      <subfield code="e">author</subfield>
   </datafield>
   <datafield ind2=" " ind1=" " tag="720">
      <subfield code="a">Ovejero, Jonatan</subfield>
      <subfield code="e">author</subfield>
   </datafield>
   <datafield ind2=" " ind1=" " tag="720">
      <subfield code="a">Antúnez Pujol, Montserrat</subfield>
      <subfield code="e">author</subfield>
   </datafield>
   <datafield ind2=" " ind1=" " tag="720">
      <subfield code="a">Bosch Serra, Àngela D.</subfield>
      <subfield code="e">author</subfield>
   </datafield>
   <datafield ind2=" " ind1=" " tag="260">
      <subfield code="c">2023</subfield>
   </datafield>
   <datafield ind2=" " ind1=" " tag="520">
      <subfield code="a">Slurries are one of the main NH3 emission sources. Nitrogen losses impact air quality, and they constrain the sustainability of farming activities. In a rainfed Mediterranean agricultural system, the aim was to quantify NH3 emissions at a time when plants do not yet cover the soil surface and according to fertilization practices. One treatment was slurry from fattening pigs (PSF) applied before cereal sowing and incorporated into the soil; two treatments were PSF or from sows (PSS) applied at the cereal tillering stage (topdressing); and two more treatments received slurries twice, before sowing and as topdressing. Ammonia emissions were quantified with semi-static chambers during 145 h (before sowing) and 576 h (at cereal tillering) after slurry application. Before sowing, tillage after slurry application controlled NH3-N emissions, but they accounted for 14% of the total NH4-N applied. At tillering, average NH3-N emissions also accounted for ca. 14% of total NH4-N applied as PSF or PSS, respectively. Slurry dry matter from 84 kg m-3 (PSS) up to 127 kg m-3 (PSF), combined with low soil moisture content (below 30% of water holding capacity) at application time, helped in NH3 emission control. Slurry applications before sowing did not enhance later NH3-N emissions at topdressing.</subfield>
   </datafield>
   <datafield ind2=" " ind1=" " tag="520">
      <subfield code="a">Spanish Ministry of Economy and Competitiveness and the Spanish National Institute for Agricultural Research and Experimentation (MINECO-INIA) through the projects RTA2013-57-C5-5 and RTA2017-88-C3-3. D.E.J.-d.-S. also acknowledges the JADE-Plus scholarship from the Bank of Santander-University of Lleida for PhD studies.</subfield>
   </datafield>
   <datafield tag="653" ind2=" " ind1=" ">
      <subfield code="a">Ammonia emission rate</subfield>
   </datafield>
   <datafield tag="653" ind2=" " ind1=" ">
      <subfield code="a">Fattening pig slurry</subfield>
   </datafield>
   <datafield tag="653" ind2=" " ind1=" ">
      <subfield code="a">Precursor of particulate matter</subfield>
   </datafield>
   <datafield tag="653" ind2=" " ind1=" ">
      <subfield code="a">Sow slurry</subfield>
   </datafield>
   <datafield ind2="0" ind1="0" tag="245">
      <subfield code="a">Ammonia volatilization from pig slurries in a semiarid agricultural rainfed area</subfield>
   </datafield>
</record></metadata></record></GetRecord></OAI-PMH>